000 00374nam a22001577a 4500
003 MPLRDC
005 20220104125221.0
008 210129b ||||| |||| 00| 0 eng d
082 _a857.9 QH-26 v.1
100 _a秦红
245 _a恨恨谷. 一
_c
260 _a
_b文康印刷出版公司
_c
300 _b
650 _a武侠小说
942 _cBK
_o857.9 QH-26 v.1
999 _c25595
_d25585